| 000 | 00478nam a22001217a 4500 | ||
|---|---|---|---|
| 082 | _a200 THE | ||
| 100 |
_aAbdul Wahab Muzaffar _969971 |
||
| 245 | _aTH-SOF-1367-NOVEL DISEASE NAMED ENTITY RECOGNITION (DNER) & HYBRID RELATION EXTRACTION (HRE) FRAMEWORKS FOR BIOMEDICAL TEXT | ||
| 260 |
_aIslamabad _bNUST College of EME _c2017 |
||
| 650 |
_aPHD SOFTWARE ENGINEERING-2017 PHD _969972 |
||
| 700 |
_aSupervisor Dr. Farooque Azam Co-Supervisors Dr. Usman Qamar _969973 |
||
| 942 | _cCF | ||
| 999 |
_c577043 _d577043 |
||